000 00313nam a2200133Ia 4500
100 _aLeventhal/L.A
942 _cBK
654 _aLanguage Programming
245 _a8080 A 8085 Assembly Language Programming
260 _bMcGraw Hill
_aCalifornia
_c1986
082 _a1.6
_bLev
546 _aENGLISH
999 _c33415
_d33415